000 01075nam a2200277 a 4500
001 79397
003 BD-RjUL
005 20220421160016.0
008 220216s1976 bg a|||| m||| 00| 0 eng d
035 _a(BD-RjUL)79397
040 _aBD-RjUL
_beng
_dBD-RjUL
041 _aeng
082 _223
_a305.5095492
_bSAA 1976
100 _aSarker, Profulla Chandra
_91385
245 1 0 _aAspects of Caste and Social Structure in a Rural Community of Bangladesh /
_cby Profulla Chandra Sarker ;
_6Supervisor: Joanna Kirkpatrick
260 _aRajshahi :
_bInstitute of Bangladesh Studies, University of Rajshahi
_c1976
300 _a[1], vii, 175 leaves :
_bill. ;
_c28cm.
502 _aThesis (M.phil.) - Institute of Bangladesh Studies, University of Rajshahi,1976
504 _aBibliography : Leaves 173-175
600 _x
_z .
_92665
650 _aSocial Structure
_yBangladesh
_91386
650 _aCaste
_zBangladesh
_xHistory
_92666
651 _aBangladesh
_xSocial conditions.
_92559
700 _aJoanna, Kirkpatrick, Supervisor
_91388
942 _2ddc
_cTHE
999 _c79397
_d79397